000 00599nam a2200217Ia 4500
003 OSt
005 20220916110951.0
006 a|||||r|||| 00| 0
007 ta
008 Pun
024 _a41,182
037 _cTextbook
040 _bPun
_aARTS
_cARTS
041 _aPun
082 _aV2,1y7N16, 153M3
100 _aਜੌਹਰ, ਸੁਰਿੰਦਰ ਸਿੰਘ
245 0 _aਗਿਆਨੀ ਗ਼ੈਲ ਸਿੰਘ ਜੀਵਨੀ
260 _c1983
942 _hV2,1y7N16, 153M3
_cTB
_2CC
999 _c102430
_d102430